000 00795nam a2200193Ii 4500
003 JO-AjNU
008 230605s9999||||xx |||||||||||||| ||und||
040 _aJO-AjNU
_bara
_erda
_cJO-AjNU
041 _aara
050 1 4 _aHG1587.F6226 1996
100 3 _aتأليف: ياسين،فؤاد توفيق/م.مشارك: احمد عبدالله درويش,
_eauthor
_928780
245 0 0 _aالمحاسبة المصرفية في البنوك التجارية والاسلامية
264 3 1 _aعمان: دار اليازوري للنشر والتوزيع، 1996
300 _a418ص
_bيحتوي على ببلوغرافية من 416-418ص
336 _atext
_btxt
_2rdacontent
337 _aunmediated
_bn
_2rdamedia
338 _avolume
_bnc
_2rdacarrier
650 4 _aالمصارف-محاسبة
_928781
999 _aA11204
_c14772
_d14772